000 00687nam a2200217Ia 4500
001 9774
003 GE_BSU
008 181216s||||||||xx |||||||||||||| ||und||
020 _a9994021621
040 _cGE_BSU
100 _aგორგოშაძე,თენგიზ
245 _aო,როგორ მსურს შეგაშველო ხელი
245 _bლექსები
260 _aბათუმი
260 _bაჭარა
260 _c2006
300 _a100გვ.ფოტო გარეკანზე.20სმ.
541 _h5ლ.
653 _aო,როგორ მსურს შეგაშველო ხელი
942 _cBK
999 _c43054
_d43054